People and place : (Record no. 352989)

000 -LEADER
fixed length control field 00826 a2200253 4500
003 - CONTROL NUMBER IDENTIFIER
control field OSt
005 - DATE AND TIME OF LATEST TRANSACTION
control field 20180116192352.0
008 - FIXED-LENGTH DATA ELEMENTS--GENERAL INFORMATION
fixed length control field 120601t xxu||||| |||| 00| 0 eng d
010 ## - LIBRARY OF CONGRESS CONTROL NUMBER
LC control number 00033965
020 ## - INTERNATIONAL STANDARD BOOK NUMBER
International Standard Book Number 0582382122
020 ## - INTERNATIONAL STANDARD BOOK NUMBER
International Standard Book Number 9780582382121
040 ## - CATALOGING SOURCE
Transcribing agency 0
082 00 - DEWEY DECIMAL CLASSIFICATION NUMBER
Classification number 304.28
100 1# - MAIN ENTRY--PERSONAL NAME
Personal name Holloway, Lewis
9 (RLIN) 3457
245 10 - TITLE STATEMENT
Title People and place :
Remainder of title the extraordinary geographies of everyday life /
Statement of responsibility, etc. Lewis Holloway and Phil Hubbard.
260 ## - PUBLICATION, DISTRIBUTION, ETC.
Place of publication, distribution, etc. Harlow, England ;
-- New York :
Name of publisher, distributor, etc. Prentice Hall,
Date of publication, distribution, etc. 2001.
300 ## - PHYSICAL DESCRIPTION
Extent xv, 279 p. :
Other physical details ill. ;
Dimensions 23 cm.
650 10 - SUBJECT ADDED ENTRY--TOPICAL TERM
Topical term or geographic name entry element Human geography.
9 (RLIN) 3458
650 10 - SUBJECT ADDED ENTRY--TOPICAL TERM
Topical term or geographic name entry element Pollution
General subdivision social effects
9 (RLIN) 3459
650 10 - SUBJECT ADDED ENTRY--TOPICAL TERM
Topical term or geographic name entry element Human ecology
9 (RLIN) 3460
700 1# - ADDED ENTRY--PERSONAL NAME
Personal name Hubbard, Phil.
9 (RLIN) 3461
942 ## - ADDED ENTRY ELEMENTS (KOHA)
Institution code [OBSOLETE] SADA
Koha item type Book
Call number prefix 304.28 HOL 2001
Source of classification or shelving scheme
952 ## - LOCATION AND ITEM INFORMATION (KOHA)
-- BOOK
Holdings
Withdrawn status Lost status Damaged status Not for loan Permanent Location Current Location Date acquired Total Checkouts Total Renewals Full call number Barcode Date last seen Date last checked out Cost, replacement price Price effective from Koha item type
        School of Art Design and Architecture (SADA) School of Art Design and Architecture (SADA) 04/19/2011 10 4 304.28 HOL 2001 SADA0000982 11/12/2015 10/30/2015 3577.00 08/05/2011 Book
© 2023 Central Library, National University of Sciences and Technology. All Rights Reserved.